Historia verdadera de la conquista de la Nueva España

Guardat en:
Dades bibliogràfiques
Autor principal: Díaz del Castillo, Bernal (autor)
Format: Llibre
Idioma:espanyol
Publicat: Madrid Espasa-Calpe 1933
Matèries:
Etiquetes: Afegir etiqueta
Sense etiquetes, Sigues el primer a etiquetar aquest registre!

MARC

LEADER 00000nam a2200000 a 4500
001 UCX7729
003 CL-VaPUC
008 931228e19330000SP |||||||||||||||||spa|d
082 0 4 |a 972.02  |b DIA  |2 21 
100 |a Díaz del Castillo, Bernal  |e autor  |9 324648 
245 1 0 |a Historia verdadera de la conquista de la Nueva España 
300 |a 2 v 
942 |c BK 
945 |d 19931228 00:00:00  |a rbrito 
260 |a Madrid  |b Espasa-Calpe  |c 1933 
650 0 |a Historia  |9 255047 
650 7 |a DESCUBRIMIENTO Y EXPLORACIONES  |2 CL-VaPUC  |9 324649 
651 0 |a América  |9 255182 
583 |a last modification  |c 19931228 00:00:00  |k Rodrigo Vera 
999 |c 227475  |d 227473 
952 |0 0  |1 0  |4 0  |6 972_020000000000000_DIA_1933  |7 0  |8 A  |9 226531  |a BIBEDU  |b BIBEDU  |d 2019-11-15  |h v.1  |i 2956934  |o 972.02 DIA 1933  |p 2956934  |r 2019-11-15  |w 2019-11-15  |y BK  |k LIT 
952 |0 0  |1 0  |4 0  |6 972_020000000000000_DIA_1933  |7 0  |8 A  |9 226532  |a BIBEDU  |b BIBEDU  |d 2019-11-15  |h v.2  |i 2956942  |o 972.02 DIA 1933  |p 2956942  |r 2019-11-15  |w 2019-11-15  |y BK  |k LIT